Personnages Les Frères Scott - Statistiques

Statistiques générales
  • Ce quiz a été pris 3 167 fois
    2 985 depuis la dernière actualisation
  • Le résultat moyen est 30 sur 50
Statistiques - réponses
Réponse % Correct
2 Lucas Scott
100%
1 Nathan Scott
100%
5 Brooke Davis Baker
97%
4 Peyton Sawyer Scott
97%
6 Dan Scott
96%
3 Haley James Scott
93%
14 Marvin "Micro" McFadden
91%
8 Karen Roe
90%
31 Jamie Scott
87%
9 Keith Scott
87%
7 Deborah Lee (Scott)
83%
15 Antwon "Skills" Taylor
81%
42 Quentin Fields
81%
30 Julian Baker
78%
19 Rachel Gatina
78%
24 Jimmy James
71%
27 Quinn James
70%
29 Clay Evans
68%
49 Millicent "Millie" Huxtable
66%
38 Chase Adams
64%
25 Victoria Davis
63%
40 Alex Dupré
62%
37 Chris Keller
59%
11 Bevin Mirskey
58%
12 Jake Jagielski
58%
39 Mia Catalano
58%
23 Lydia James
57%
32 Lydia Scott
57%
28 Taylor James
57%
33 Sawyer Scott
54%
35 Davis Baker
53%
10 Whitey Durham
52%
13 Tim Smith
50%
18 Jimmy Edwards
48%
17 Anna Taggaro
46%
20 Carrie
45%
34 Jude Baker
44%
16 Felix Taggaro
43%
41 Owen Morello
41%
43 Lily Scott
40%
44 Cooper Lee
38%
36 Logan Evans
36%
47 Charles "Chuck" Scolnik
35%
46 Ferguson "Fergie" Thompson
34%
21 Derek Sommers
33%
50 Elizabeth "Ellie" Harp
32%
22 Larry Sawyer
32%
45 Jonathan "Junk" Moretti
28%
48 Nicki
28%
26 Robert Davis
15%
Aucun quiz correspondant
Distribution des résultats
% des personnes avec chaque résultat
Percentile par nombre de réponses
Votre historique - résultats
Vous n’avez pas pris ce quiz depuis la dernière actualisation